000 00380nam a2200145Ia 4500
008 150201s2006 xx 000 0 und d
082 _a302.35
_bHAL
100 _aHall, Richard H.
245 _aOrganizations : structures, processes, and outcomes
250 _a9th Ed.
260 _bPearson
_aN.Delhi
_c2006
300 _a292p.
700 _aTolbert, Pamela S.
942 _2ddc
_cFCM
999 _c6322
_d6322